000 nam a22 7a 4500
999 _c9872
_d9872
008 180208b ||||| |||| 00| 0 eng d
100 _aPeale, N V
_95950
245 _aO HENRY MORE SHORT STORIES
260 _aNew Delhi
_c2012